000
00363nam a2200133Ia 4500
008
231129s1990||||xx |||||||||||||| ||spa||
020
_a
7-119-00715-7
040
_b
spa
082
_a
951.05 Ch539
245
0
_a
China el mas mas...
260
_c
1990
264
_a
1949- ) : Ediciones de Lenguas Extranjeras
942
_2
ddc
_c
BKS
999
_c
6907
_d
6907